000 00210 a2200097 4500
001 30182
100 _aSteinbeck, J
245 _aTravels with charley
260 _aLondon
_bPan Books
_c
090 _c20125
_d20125
942 _aNUST-CAE
_cM
_c11254
999 _c265255
_d265255